Tilastot visalle Pyhän saksalais-roomalaisen keisarikunnan valtiot

Klikkaa tästä pelataksesi tätä visaa!

Yleistilastot

  • Tätä visaa on pelattu 535 kertaa
  • Keskiarvotulos 14 / 16

Vastaustilastot

Valtio% Oikein
Italia
98%
Saksa
98%
Ranska
97%
Puola
95%
Itävalta
94%
Alankomaat
93%
Belgia
93%
Sveitsi
92%
Luxemburg
91%
Slovenia
91%
Tšekki
91%
Liechtenstein
87%
Vatikaani
86%
San Marino
85%
Monaco
79%
Kroatia
77%

Tulosjakauma

Persentiili vastausten määrän mukaan

Jokaisen tuloksen saaneiden osuus

Tuloshistoriasi

Et ole pelannut tätä visaa